Bandiere dell'Europa del XVIII secolo - Statistics

Statistiche generali
  • Questo quiz è stato fatto 21 volte
  • Il punteggio medio è 11 su 25
Statistiche sulle risposte
con Immagini Risposta % Corretto
Impero Russo
100%
Regno di Spagna
100%
Regno Unito
93%
Impero svedese
87%
Svizzera
87%
Regno del Portogallo
67%
Regno di Danimarca e Norvegia
53%
Elettorato di Baviera
47%
Regno delle Due Sicilie
47%
Regno di Francia
47%
Impero Ottomano
40%
Regno di Prussia
40%
Confederazione Polacco-Lituana
33%
Granducato di Toscana
33%
Impero Asburgico
33%
Sacro Romano Impero
33%
Elettorato di Sassonia
27%
Stato della Chiesa
27%
Elettorato di Hannover
20%
Repubblica delle Sette Province Unite
20%
Elettorato di Colonia
13%
Paesi Bassi Austriaci
13%
Ducato di Wurttemberg
7%
Regno di Sardegna
7%
Stato dei Cavalieri di Malta
7%
Nessun quiz corrispondente trovato
Distribuzione punteggi
Percentuale di utenti per punteggio
Percentile per numero di risposta
I tuoi punteggi nel tempo
Non hai fatto questo quiz